000 00308nam a2200145Ia 4500
100 _aMather/Tim/ K.Subra
942 _cBK
366 _f20
245 _aCloud security privacy
260 _bShroff Publishers
_c2010
082 _a4.65
_bMAT
300 _a312
546 _aENGLISH
_cComputers
999 _c17787
_d17787